Rozpoznaj kandydata na Prezydenta Polski 2025 - Statystyki

Ogólne statystyki
  • Ten quiz został rozwiązany 40 razy
  • Średni wynik to 10 z 13
Statystyki odpowiedzi
Obrazkowy Odpowiedź % Poprawnych
Grzegorz Braun
97%
Sławomir Mentzen
91%
Szymon Hołownia
91%
Rafał Trzaskowski
89%
Karol Nawrocki
86%
Magdalena Biejat
86%
Joanna Senyszyn
83%
Krzysztof Stanowski
80%
Adrian Zandberg
77%
Marek Jakubiak
74%
Maciej Maciak
66%
Artur Bartoszewicz
60%
Marek Woch
57%
Nie znaleziono quizów pasujących do podanych kryteriów
Rozkład punktacji
Procent ludzi z każdym wynikiem
Percentyl według liczby udzielonych odpowiedzi
Twoja historia wyników
Nie rozwiązałeś tego quizu